Consumer economics : a practical overview /

Bibliographic Details
Main Author: Soderlind, Steven Dale, 1946-
Format: Book
Language:English
Published: Armonk, N.Y. : M.E. Sharpe, [2001]
Subjects:

MARC

Tag First Indicator Second Indicator Subfields
LEADER 00000pam a22000004a 4500
001 in00001602321
005 20151023052648.0
008 000830s2001 nyua b 001 0 eng
010 |a  00045070  
020 |a 0765607247 (alk. paper) 
035 |a (OCoLC)ocm44934353 
040 |a DLC  |c DLC  |d TXA  |d UtOrBLW 
042 |a pcc 
043 |a n-us--- 
049 |a TXAM 
050 0 0 |a HB801  |b .S595 2001 
082 0 0 |a 339.4/7  |2 21 
100 1 |a Soderlind, Steven Dale,  |d 1946- 
245 1 0 |a Consumer economics :  |b a practical overview /  |c Steven D. Soderlind. 
264 1 |a Armonk, N.Y. :  |b M.E. Sharpe,  |c [2001] 
264 4 |c ©2001 
300 |a xii, 471 pages :  |b illustrations ;  |c 25 cm. 
336 |a text  |b txt  |2 rdacontent 
337 |a unmediated  |b n  |2 rdamedia 
338 |a volume  |b nc  |2 rdacarrier 
504 |a Includes bibliographical references and index. 
650 0 |a Consumption (Economics) 
650 0 |a Consumers  |z United States. 
650 0 |a Consumer protection  |z United States. 
650 0 |a Consumer behavior  |z United States. 
994 |a E0  |b TXA 
948 |a cataloged  |b h  |c 2001/5/9  |d c  |e ceaton  |f 2:14:35 pm 
999 |a MARS 
999 f f |s 0056ec0f-cff9-394c-907e-e4b951cc98d2  |i cf2610af-994c-3046-9b45-8db80b4842d8  |t 0 
952 f f |p ric  |a Texas A&M University  |b Rellis Campus  |c Joint Library Facility  |d Remote Storage  |t 0  |e HB801 .S595 2001  |h Library of Congress classification  |i unmediated -- volume  |m A14827643541 
998 f f |a HB801 .S595 2001  |t 0  |l Remote Storage